00329nam a2200109Ia 4500008004100000041000800041100002100049245009100070260003000161300000800191700002000199250110s9999 xx 000 0 und d aeng aAgarwal Khushboo aClaytonics : Digital Investigation In Contemporary Architectural Applications Of Clay. bBNCA M Arch Digitalc2017 a98p aGuide Name:BNCA